000 00519nam a2200205 a 4500
001 BRCA_6416
005 20190320205439.0
008 200911s1962----u--#######---#000-0#eng-#
041 _aeng
044 _au
050 4 _aPZ3
_b.H35 1962
100 1 _aHalliday, Brett
_95028
245 1 0 _aNever Kill a Client
_cBrett Halliday.
260 _aEstados Unidos de América
_bA Torquil Book
_cc1962
300 _a184 p.
_c21 cm.
500 _aCEF8
650 1 4 _aNovelas policĂ­acas
_9877
902 _aGFM
942 _2lcc
_cB
999 _c6101
_d6101